Black On Both Sides Tracklist (Mos Def) - Statistics

General Stats
  • This quiz has been taken 9 times
  • The average score is 12 of 17
Answer Stats
Hint Answer % Correct
7 Got
100%
3 Love
100%
17 May-December
100%
13 Brooklyn
80%
6 Do It Now
80%
14 Habitat
80%
2 Hip Hop
80%
16 Mathematics
80%
4 Ms. Fat Booty
80%
8 UMI Says
80%
1 Fear Not Of Man
60%
10 Rock N Roll
60%
5 Speed Law
60%
12 Climb
40%
11 Know That
40%
15 Mr. N*gga
40%
9 New World Water
40%
No matching quizzes found
Score Distribution
Percent of People with Each Score
Percentile by Number Answered
Your Score History
You have not taken this quiz